00735nam a2200181 a 450000100100000000500170001000800410002704000250006808200150009310000330010824500760014126000590021730000350027650000790031150400320039095201140042299900170053600004228620201002040044.0131122s1972 sp ac 000 0 spa d aDO-SdBNPbspacBNPHU axxxbL712a1 aLida, Clara E.d1941-96933010aAnarquismo y revolución en la España del XIX /cClara Eugenia Lida. aMadrid :bSiglo Veintiuno de España Editores,c1972. a334 p. :bil., retrs. ;c21cm. aIncluye datos biográficos de la autora en la solapa de la contracubierta aBibliografía : p. 301-322 0010507-18MOaGRbGRcOId2013-11-22iLF1l0oxxx L712ap42286-10r2020-06-25w2020-06-25y1ZNo se presta c41775d41775